|
|
|
|
| LEADER |
00000nam0a2200000 4500 |
| 001 |
674314 |
| 005 |
20241118090136.0 |
| 090 |
|
|
|a 674314
|
| 100 |
|
|
|a 20240902d1979 k||y0rusy50 ca
|
| 101 |
0 |
|
|a rus
|
| 102 |
|
|
|a RU
|
| 105 |
|
|
|a a z 001yy
|
| 181 |
|
0 |
|a i
|b e
|
| 182 |
|
0 |
|a n
|
| 183 |
|
0 |
|a nc
|2 RDAcarrier
|
| 200 |
1 |
|
|a Трибополимеробразующие смазочные материалы
|e сборник научных трудов
|f отв. ред. Ю. С. Заславский ; Научный совет по трению и смазкам АН СССР
|
| 203 |
|
|
|a Текст
|b визуальный
|c непосредственный
|
| 210 |
|
|
|a Москва
|c Наука
|d 1979
|
| 215 |
|
|
|a 72 с.
|c ил.
|
| 283 |
|
|
|a volume
|2 RDAcarrier
|
| 320 |
|
|
|a Литература в конце статей
|
| 606 |
|
|
|a Смазка
|9 61518
|
| 610 |
1 |
|
|a пластичные смазки
|
| 610 |
1 |
|
|a дифрактометрия
|
| 610 |
1 |
|
|a полимерные продукты
|
| 610 |
1 |
|
|a смазочные покрытия
|
| 610 |
1 |
|
|a смазки
|
| 675 |
|
|
|a 621.89
|v 4
|
| 702 |
|
1 |
|4 340
|a Заславский
|b Ю. С.
|
| 712 |
0 |
2 |
|a Академия наук СССР
|c (Ленинград/Москва)
|c (1925-1991)
|4 570
|b Научный совет по трению и смазкам
|9 23473
|
| 801 |
|
0 |
|a RU
|b 63413507
|c 20240902
|
| 830 |
|
|
|a Ретро2024Каталогизация Мотырева
|
| 850 |
|
|
|a 63413507
|
| 942 |
|
|
|c BK
|